Fathers Day Quiz - Statistics

General Stats
  • This quiz has been taken 43 times
  • The average score is 14 of 20
Answer Stats
Father Child Last Name % Correct
Billy Ray Miley Cyrus
84%
Frank Nancy Sinatra
84%
Kirk Michael Douglas
81%
Martin Charlie Sheen
81%
Donald Kiefer Sutherland
81%
Steven Liv Tyler
81%
John Fitzgerald Caroline Kennedy
72%
Paul Stella McCartney
72%
Vincente Liza Minnelli
72%
Julio Enrique Iglesias
69%
Bob Ziggy Marley
69%
Jerry Ben Stiller
69%
Bruce Rumer Willis
69%
Johann Sebastian Carl Philipp Emanuel Bach
63%
Archie Payton Manning
63%
Pablo Paloma Picasso
59%
Ron Bryce Dallas Howard
53%
Steve Bindi Irwin
53%
Pierre Justin Trudeau
53%
Zulficar Benazir Bhutto
25%
No matching quizzes found
Score Distribution
Percent of People with Each Score
Percentile by Number Answered
Your Score History
You have not taken this quiz